| 000 -LEADER |
| fixed length control field |
01260cam a2200253 a 4500 |
| 001 - CONTROL NUMBER |
| control field |
16911191 |
| 005 - DATE AND TIME OF LATEST TRANSACTION |
| control field |
20210615141002.0 |
| 008 - FIXED-LENGTH DATA ELEMENTS--GENERAL INFORMATION |
| fixed length control field |
110809s2012 nyua b 001 0 eng |
| 020 ## - INTERNATIONAL STANDARD BOOK NUMBER |
| International Standard Book Number |
9781462503360 |
| 041 ## - LANGUAGE CODE |
| Language code of text/sound track or separate title |
eng |
| 080 ## - UNIVERSAL DECIMAL CLASSIFICATION NUMBER |
| Universal Decimal Classification number |
371.213.1 S-98 |
| 245 00 - TITLE STATEMENT |
| Title |
Systematic screenings of behavior to support instruction : |
| Remainder of title |
from preschool to high school / |
| Statement of responsibility, etc. |
Kathleen Lynne Lane, Holly Mariah Menzies, Wendy Peia Oakes, Jemma Robertson Kalberg. |
| 264 ## - PRODUCTION, PUBLICATION, DISTRIBUTION, MANUFACTURE, AND COPYRIGHT NOTICE |
| Place of production, publication, distribution, manufacture |
New York : |
| Name of producer, publisher, distributor, manufacturer |
Guilford, |
| Date of production, publication, distribution, manufacture, or copyright notice |
2012. |
| 300 ## - PHYSICAL DESCRIPTION |
| Extent |
260 p. : |
| Other physical details |
ill. ; |
| Dimensions |
26 cm. |
| 653 ## - INDEX TERM--UNCONTROLLED |
| keyword |
ინსტრუქციის მხარდასაჭერად ქცევის სისტემატური სკრინინგი |
| 653 ## - INDEX TERM--UNCONTROLLED |
| keyword |
Систематический скрининг поведения для поддержки обучения |
| 653 ## - INDEX TERM--UNCONTROLLED |
| keyword |
ბავშვების ქცევითი შეფასება |
| 653 ## - INDEX TERM--UNCONTROLLED |
| keyword |
Поведенческая оценка детей |
| 700 1# - ADDED ENTRY--PERSONAL NAME |
| Personal name |
Lane, Kathleen L. |
| Relator term |
ავტორი |
| 9 (RLIN) |
12050 |
| 700 1# - ADDED ENTRY--PERSONAL NAME |
| Personal name |
Menzies, Holly Mariah |
| Relator term |
ავტორი |
| 9 (RLIN) |
12051 |
| 700 1# - ADDED ENTRY--PERSONAL NAME |
| Personal name |
Oakes, Wendy Peia |
| Relator term |
ავტორი |
| 9 (RLIN) |
12052 |
| 700 1# - ADDED ENTRY--PERSONAL NAME |
| Personal name |
Kalberg, Jemma Robertson |
| Relator term |
ავტორი |
| 9 (RLIN) |
12053 |
| 942 ## - ADDED ENTRY ELEMENTS (KOHA) |
| Source of classification or shelving scheme |
|
| Koha item type |
წიგნი |